Statistics for Billboard Hot 100 Year-End Singles of 2019

Click here to take the quiz!

General Stats

  • This quiz has been taken 40 times
  • The average score is 42 of 100

Answer Stats

PositionPeakWeeks OnArtist(s)Song% Correct
1#1 (19 Weeks)36 WeeksLil Nas X ft. Billy Ray CyrusOld Town Road
100%
4#1 (1 Week)32 WeeksBillie Eilishbad guy
94%
15#1 (1 Week)20 WeeksShawn Mendes & Camila CabelloSenorita
91%
7#1 (8 Weeks)33 WeeksAriana Grande7 rings
88%
22#528 WeeksMaroon 5 ft. Cardi BGirls Like You
84%
19#1 (1 Week)39 WeeksLady Gaga & Bradley CooperShallow
84%
3#1 (2 Weeks)47 WeeksHalseyWithout Me
84%
11#438 WeeksPanic! At The DiscoHigh Hopes
81%
10#1 (1 Week)36 WeeksJonas BrothersSucker
81%
6#240 WeeksMarshmello & BastilleHappier
78%
43#220 WeeksTaylor Swift ft. Brendon UrieME!
78%
2#1 (1 Week)50 WeeksPost Malone & Swae LeeSunflower
78%
12#1 (6 Weeks)27 WeeksAriana Grandethank u, next
72%
62#210 WeeksPost MaloneCircles
69%
40#520 WeeksLil Nas XPanini
69%
13#1 (7 Weeks)27 WeeksLizzoTruth Hurts
69%
16#226 WeeksEd Sheeran & Justin BieberI Don't Care
63%
69#2420 WeeksCardi B ft. Bad Bunny & J BalvinI Like It
63%
48#520 WeeksJuice WRLDLucid Dreams
63%
27#1 (2 Weeks)26 WeeksLewis CapaldiSomeone You Loved
63%
95#2613 WeeksBazzi ft. Camila CabelloBeautiful
59%
8#339 WeeksKhalidTalk
59%
9#1 (1 Week)38 WeeksTravi$ ScottSICKO MODE
56%
23#1035 WeeksAva MaxSweet But Psycho
56%
5#244 WeeksPost MaloneWow.
56%
39#221 WeeksTaylor SwiftYou Need to Calm Down
56%
50#1319 WeeksEd Sheeran ft. KhalidBeautiful People
53%
98#712 WeeksAriana Grande & Social HouseBoyfriend
53%
14#743 WeeksSam Smith & NormaniDancing with a Stranger
53%
33#1225 Weeks5 Seconds of SummerYoungblood
53%
38#1323 WeeksCardi BMoney
50%
57#1520 WeeksDJ Snake ft. Selena Gomez, Ozuna & Cardi BTaki Taki
50%
36#220 WeeksAriana Grandebreak up with your girlfriend, i'm bored
47%
72#1213 WeeksAriana Grandebreathin'
47%
17#935 Weeksbenny blanco, Halsey & KhalidEastside
47%
61#1622 WeeksPanic! At The DiscoHey Look Ma, I Made It
47%
88#1913 WeeksKhalid & NormaniLove Lies
47%
91#2915 WeeksDan + ShayTequila
47%
67#2929 WeeksBillie Eilishwhen the party's over
47%
84#2116 WeeksLil Baby & DaBabyBaby
44%
20#840 WeeksKhalidBetter
44%
29#223 WeeksShawn MendesIf I Can't Have You
44%
25#427 WeeksJ ColeMIDDLE CHILD
44%
37#320 WeeksCardi B & Bruno MarsPlease Me
44%
78#1921 WeeksJonas BrothersOnly Human
41%
35#2431 WeeksDan + ShaySpeechless
41%
73#1420 WeeksBillie Eilishbury a friend
38%
58#2425 WeeksEllie Goulding & Diplo ft. Swae LeeClose to Me
38%
30#318 WeeksPost Malone ft. Young ThugGoodbyes
38%
83#2416 WeeksSam SmithHow Do You Sleep?
38%
49#617 WeeksSheck WesMo Bamba
38%
34#721 WeeksDrake ft. Rick RossMoney in the Grave
38%
28#423 WeeksLil TeccaRan$om
38%
24#732 WeeksDaBabySuge
38%
42#1223 Weeks21 Savagea lot
34%
75#3220 WeeksPinkfongBaby Shark
34%
93#1113 WeeksMegan Thee Stallion, Nicki Minaj & Ty Dolla $ignHot Girl Summer
34%
21#522 WeeksChris Brown ft. DrakeNo Guidance
34%
47#820 WeeksBluefaceThotiana
34%
70#1623 WeeksSHAEDTrampoline
34%
32#1024 WeeksPost MaloneBetter Now
31%
65#2225 WeeksDaddy Yankee & Katy Perry ft. SnowCon Calma
31%
18#637 WeeksMeek Mill ft. DrakeGoing Bad
31%
99#4920 WeeksP!nkWalk Me Home
31%
54#2327 WeeksDean LewisBe Alright
28%
87#3920 WeeksOffset ft. Cardi BClout
28%
26#827 WeeksLil Baby & GunnaDrip Too Hard
28%
66#1420 WeeksYNW MellyMurder On My Mind
28%
55#2325 WeeksMustard & MigosPure Water
28%
64#1220 WeeksYoung Thug, J Cole & Travi$ ScottThe London
28%
60#2926 WeeksLauren DaigleYou Say
28%
31#721 WeeksKodak Black ft. Travi$ Scott & OffsetZEZE
28%
53#1723 WeeksBlake SheltonGod's Country
25%
44#1823 WeeksBad Bunny ft. DrakeMIA
25%
89#3620 WeeksMarshmello & Kane BrownOne Thing Right
25%
45#1127 WeeksPolo G ft. Lil TjayPop Out
25%
100#2718 WeeksJuice WRLDRobbery
25%
82#3820 WeeksA Boogie wit da Hoodie ft. 6ix9ineSwervin
25%
51#1118 WeeksGucci Mane x Bruno Mars x Kodak BlackWake Up in the Sky
25%
68#2621 WeeksCity GirlsAct Up
22%
71#2017 WeeksFlipp DineroLeave Me ALone
22%
41#2731 WeeksA Boogie wit da HoodieLook Back At It
22%
80#1513 WeeksElla MaiTrip
22%
90#3620 WeeksMegan Thee Stallion ft. DaBabyCash Shit
19%
74#4728 WeeksLil BabyClose Friends
19%
76#2119 WeeksSaweetieMy Type
19%
56#1420 WeeksBlanco BrownThe Git Up
19%
46#2127 WeeksLuke CombsBeautiful Crazy
16%
52#1727 WeeksMorgan WallenWhiskey Glasses
16%
92#3620 WeeksNLE ChoppaShotta Flow
13%
77#4825 WeeksYK OsirisWorth It
13%
97#3120 WeeksDan + ShayAll to Myself
9%
63#2121 WeeksLuke CombsBeer Never Broke My Heart
9%
59#3127 WeeksCalboyEnvy Me
9%
86#3620 WeeksKane BrownGood as You
9%
79#3122 WeeksLuke BryanKnockin' Boots
9%
85#3220 WeeksThomas RhettLook What God Gave Her
9%
81#2520 WeeksLee BriceRumor
9%
94#5726 WeeksFlorida Georgia LineTalk You Out of It
9%
96#3820 WeeksChase RiceEyes on You
3%

Score Distribution

Percentile by Number Answered

Percent of People with Each Score

Your Score History

You have not taken this quiz